书目信息 |
| 题名: |
有害气体控制工程
|
|
| 作者: | 赵毅 , 李守信 主编 | |
| 分册: | ||
| 出版信息: | 北京 化学工业出版社 2001.08 |
|
| 页数: | 263页 | |
| 开本: | 26cm | |
| 丛书名: | ||
| 单 册: | ||
| 中图分类: | X51 | |
| 科图分类: | ||
| 主题词: | 空气 , 劳动?0 , 安全学 , 空气污染 , 空气污染--污染防治 | |
| 电子资源: | ||
| ISBN: | 7-5025-3307-9 | |
| 000 | 00711nam0 2200253 45 | |
| 001 | 0237915115 | |
| 005 | 2002041510315468 | |
| 010 | @a7-5025-3307-9@b压膜@dRMB 29.00 | |
| 100 | @a20020415d2001 km y0chiy0120 ea | |
| 101 | 0 | @achi |
| 102 | @aCN@b110000 | |
| 200 | 1 | @a有害气体控制工程@AYou Hai Qi Ti Kong Zhi Gong Cheng@f赵毅,李守信主编@Fzhao yi,li shou xin zhu bian |
| 210 | @a北京@c化学工业出版社@d2001.08 | |
| 215 | @a263页@d26cm | |
| 606 | 0 | @a空气 |
| 606 | 0 | @a劳动?0 |
| 606 | @a安全学 | |
| 606 | 0 | @a空气污染 |
| 606 | 0 | @a空气污染@x污染防治 |
| 690 | @aX51@v3 | |
| 701 | 0 | @a赵毅@Azhao yi@4主编 |
| 701 | 0 | @a李守信@Ali shou xin@4主编 |
| 801 | 0 | @aCN@bPFT@c20020415 |
| 905 | @a安徽大学@dX51@eZ343 | |
| 有害气体控制工程/赵毅,李守信主编.-北京:化学工业出版社,2001.08 |
| 263页;26cm |
| ISBN 7-5025-3307-9(压膜):RMB 29.00 |
| ● |
| 相关链接 |
|
|
|
正题名:有害气体控制工程
索取号:X51/Z343
 
预约/预借
| 序号 | 登录号 | 条形码 | 馆藏地/架位号 | 状态 | 备注 |
| 1 | 353723 | 203537235 | 自科库501/501自科库 68排6列5层/ [索取号:X51/Z343] | 在馆 | |
| 2 | 353724 | 203537244 | 自科库501/501自科库 68排6列5层/ [索取号:X51/Z343] | 在馆 |